000 00295nam a22001337a 4500
008 170811b xxu||||| |||| 00| 0 eng d
020 _a0495010618
041 _aeng
080 _a51
100 _a36
101 _aMAT
245 _aA MATHEMATICAL VIEW OF OUR WORLD
_cPARKS,H
942 _2udc
_cBK
999 _c23227
_d23227